| 000 | 00626cam a22002293a 4500 | ||
|---|---|---|---|
| 001 | 2161 | ||
| 003 | PGUSA | ||
| 005 | 20140828083011.0 | ||
| 008 | 000401s2000||||xxu|||||s|||||000 p eng d | ||
| 040 |
_aPGUSA _beng |
||
| 042 | _adc | ||
| 050 | 4 | _aPR | |
| 100 | 1 |
_aBurke, Thomas, _d1886-1945 |
|
| 245 | 1 | 4 |
_aThe Song Book of Quong Lee of Limehouse _h[electronic resource] / _cThomas Burke |
| 260 |
_bProject Gutenberg, _c2000 |
||
| 506 | _aPublic domain in the USA. | ||
| 516 | _aElectronic text | ||
| 653 | _aPoetry | ||
| 830 | 0 |
_aProject Gutenberg _v2161 |
|
| 856 | 4 | 0 | _uhttp://www.gutenberg.org/ebooks/2161 |
| 942 | _cEB | ||
| 999 |
_c231499 _d231499 |
||